01099nam a22002177a 4500003000900000008004100009040007100050082001600121110002600137245005700163260004400220300003600264440004300300505045100343650001800794650001700812650001300829650001700842650000900859650001300868AR-CdUCM190318b           ||||| |||| 00| 0 spa d  aMUNICIPALIDAD PROVINCIAL DEL CUSCOcBIBLIOTECA MUNICIPAL DEL CUSCO  a080 /bSA18  aSalvat Editores, S.A.  aBiblioteca Salvat de Grandes Temas :bLos átomos /  aEspañabSalvat Editores, S.A.,c1974.  bIlustraciones en color,c20 cm.  aBiblioteca Salvat de Grandes Temas n6  aContenido: 
1. La contaminación, 2.Historia mundial desde 1939, 3.La formación de la tierra, 4. El nacimiento de un niño, 5.El cine, arte e industria, 6.Los átomos, 7.El arte abstracto y arte figurativo 8.El origen del hombre, 9.Las noticias y la información, 10.El sistema solar, 11.La pobreza en las grandes ciudades, 12.Nuevos rumbos del teatro, lingüística y significación, 14.La televisión, 15. La explosión demográfica  aEnciclopedia   aHumanidades   aCultura   aColección   aArte  aCiencia 